00297nam a2200109Ia 4500008004100000082002200041100001600063245001300079260003200092630002700124650003600151211109s9999||||xx |||||||||||||| ||und|| a355.033554bDAT-S aDatta, Ravi 0aSpectrum bMedia WorkshopaIndiac1998 xReference Reading Room aMilitary policyvIndiaGeneralia